ნორმალური ფორმატი
MARC ფორმატი
ჩანაწერი Corporate Name
ჩანაწერთა რაოდენობა, რომელიც გამოყენებულია: 5
001 - CONTROL NUMBER
- control field: 10087
003 - CONTROL NUMBER IDENTIFIER
- control field: GE_BSU
005 - DATE AND TIME OF LATEST TRANSACTION
- control field: 20210203140229.0
008 - FIXED-LENGTH DATA ELEMENTS
- fixed length control field: 210203|| aca||aabn | a|a d
040 ## - CATALOGING SOURCE
- Original cataloging agency: GE_BSU
- Transcribing agency: GE_BSU
110 ## - HEADING--CORPORATE NAME
- Corporate name or jurisdiction name as entry element: თბილისის სახ-ლო სამედიცინო უნ-ტი
670 ## - SOURCE DATA FOUND
- Source citation: Work cat.: (GE_BSU)51791: რატიანი, ლევან 10086, ათეროსკლეროზით გამოწვეული კარდიოვასკულური დაავადებების რისკის მარკერები რეპროდუქციული და მენოპაუზის ასაკის ქალებში :
